| 000 | 02190cam a2200553 a 4500 | ||
|---|---|---|---|
| 005 | 20260322212010.0 | ||
| 008 | data | ||
| 010 |
_a 2003105484 _z 2007299487 |
||
| 020 | _a0345464559 (v .1) | ||
| 020 | _a0345464656 (v. 2) | ||
| 020 | _a9780345480880 (v. 3) | ||
| 020 | _a9780345491718 (v. 4) | ||
| 020 | _a9780345491800 (v. 5) | ||
| 020 | _a0345464605 (v. 13) | ||
| 020 | _a9780345491756 (v. 14) | ||
| 020 | _a9780345464552 (v .1) | ||
| 020 | _a9780345464606 (v. 13) | ||
| 020 | _a9780345464651 (v. 2) | ||
| 020 | _a9780345524201 (v. 6) | ||
| 020 | _a9780345525888 (v. 7) | ||
| 020 | _a9780345525994 (v. 8) | ||
| 020 | _a9780345526076 (v. 9) | ||
| 020 | _a9780425285589 (v. 10) | ||
| 020 | _a9780425285664 (v. 11) | ||
| 020 | _a9780345525857 (v. 15) | ||
| 020 | _a9780345525925 (v. 16) | ||
| 020 | _a9780345526038 (v. 17) | ||
| 020 | _a9780399594403 (v. 18) | ||
| 020 | _a9780425285619 (v. 19) | ||
| 020 | _a9780425285718 (v. 20) | ||
| 020 | _a0425285715 | ||
| 040 |
_aDLC _cDLC _dDLC |
||
| 042 | _apcc | ||
| 050 | 0 | 0 |
_aPN6728.G28 _bD387 2003 |
| 082 | 0 | 0 |
_a741.5/973 _222 |
| 099 | _aDAVISJ | ||
| 100 | 1 |
_aDavis, Jim, _d1945 July 28- |
|
| 240 | 1 | 0 |
_aGarfield. _kSelections |
| 245 | 1 | 0 |
_aGarfield fat cat 3-pack / _cJim Davis. |
| 246 | 3 | _aGarfield fat cat three-pack | |
| 250 | _a1st colorized ed. | ||
| 260 |
_aNew York : _bBallantine Books, _c2003-<2010> |
||
| 300 |
_av. <1-5, 14> : _bchiefly col. ill. ; _c23 cm. |
||
| 500 | _a"Trade paperback edition"--Vol. 2-<13> t.p. verso. | ||
| 505 | 1 | _av. 1. Garfield at large ; Garfield gains weight ; Garfield bigger than life -- v. 2. Garfield weighs in ; Garfield takes the cake ; Garfield eats his heart out -- v. 3. Garfield sits around the house ; Garfield tips the scales ; Garfield loses his feet -- v. 4. Garfield makes it big ; Garfield rolls on ; Garfield out to lunch -- v. 13. Garfield beefs up ; Garfield gets cookin' ; Garfield eats crow -- v. 14. Garfield survival of the fattest ; Garfield older & wider ; Garfield pigs out | |
| 655 | 0 | _aComic books, strips, etc. | |
| 856 | 4 | 2 |
_3Publisher description _uhttp://www.loc.gov/catdir/enhancements/fy0664/2003105484-d.html |
| 001 | data | ||
| 999 |
_c209 _d209 |
||